Reformtörekvések Szlovéniában, 1966-1971

The reform period of Yugoslavia beginning in the second half of the 1960s has a special place in the 20th century history of the Slovenian nation, bringing about significant economic, and later political, and social changes. The members of the pro-reform Slovenian communist leadership defended the i...

Teljes leírás

Elmentve itt :
Bibliográfiai részletek
Szerző: Lukács B. György
Dokumentumtípus: Cikk
Megjelent: 2020
Sorozat:Aetas 35 No. 4
Kulcsszavak:Szlovénia története - 20. sz.
Tárgyszavak:
Online Access:http://acta.bibl.u-szeged.hu/71943
LEADER 02182nab a2200229 i 4500
001 acta71943
005 20230321213952.0
008 210204s2020 hu o 0|| hun d
022 |a 0237-7934 
040 |a SZTE Egyetemi Kiadványok Repozitórium  |b hun 
041 |a hun 
041 |a eng 
100 1 |a Lukács B. György 
245 1 0 |a Reformtörekvések Szlovéniában, 1966-1971  |h [elektronikus dokumentum] /  |c  Lukács B. György 
260 |c 2020 
300 |a 58-69 
490 0 |a Aetas  |v 35 No. 4 
520 3 |a The reform period of Yugoslavia beginning in the second half of the 1960s has a special place in the 20th century history of the Slovenian nation, bringing about significant economic, and later political, and social changes. The members of the pro-reform Slovenian communist leadership defended the interest of the most economically developed constituent republic and became the proponents of decentralization, and the opponents of the centralists, who were vary of the social and political effects of these processes. It was Stane Kavčič, the leader of the Slovenian reform communists later labelled as “liberals”, who first took a stance in opposition to the federal government in Yugoslavia. The delay in the approval of the international loan requested for the development of the road network integral to the country’s economic development plan and the disregard for Slovenian economic interest caused widespread dissatisfaction in Slovenia. This was the first time a larger coalition was formed against a decision of the federal government in Yugoslavia. However, after the so-called Road Scandal the Slovenian reform communists lost their positions on both local and federal levels, as President Tito removed the pro-reform leadership, just as he did in the other constituent republics. Still, with the changes in the rules of foreign exchange and the adoption of the Federal Constitution of 1974, their demands were partially met. 
650 4 |a Bölcsészettudományok 
650 4 |a Történettudomány és régészet 
695 |a Szlovénia története - 20. sz. 
856 4 0 |u http://acta.bibl.u-szeged.hu/71943/1/aetas_2020_004_058-069.pdf  |z Dokumentum-elérés